<?xml version="1.0" encoding="UTF-8"?><?xml-stylesheet type="text/xsl" href="static/style.xsl"?><OAI-PMH xmlns="http://www.openarchives.org/OAI/2.0/" xmlns:xsi="http://www.w3.org/2001/XMLSchema-instance" xsi:schemaLocation="http://www.openarchives.org/OAI/2.0/ http://www.openarchives.org/OAI/2.0/OAI-PMH.xsd"><responseDate>2026-04-13T02:39:44Z</responseDate><request verb="GetRecord" identifier="oai:www.recercat.cat:2099.1/22639" metadataPrefix="marc">https://recercat.cat/oai/request</request><GetRecord><record><header><identifier>oai:recercat.cat:2099.1/22639</identifier><datestamp>2025-07-23T00:46:00Z</datestamp><setSpec>com_2072_1033</setSpec><setSpec>col_2072_452951</setSpec></header><metadata><record xmlns="http://www.loc.gov/MARC21/slim" xmlns:dcterms="http://purl.org/dc/terms/" xmlns:xsi="http://www.w3.org/2001/XMLSchema-instance" xmlns:doc="http://www.lyncode.com/xoai" xsi:schemaLocation="http://www.loc.gov/MARC21/slim http://www.loc.gov/standards/marcxml/schema/MARC21slim.xsd">
   <leader>00925njm 22002777a 4500</leader>
   <datafield ind2=" " ind1=" " tag="042">
      <subfield code="a">dc</subfield>
   </datafield>
   <datafield ind2=" " ind1=" " tag="720">
      <subfield code="a">Martínez Creixenti, Teresa</subfield>
      <subfield code="e">author</subfield>
   </datafield>
   <datafield ind2=" " ind1=" " tag="720">
      <subfield code="a">Isalgué Buxeda, Antonio</subfield>
      <subfield code="e">author</subfield>
   </datafield>
   <datafield ind2=" " ind1=" " tag="260">
      <subfield code="c">2014-05</subfield>
   </datafield>
   <datafield ind2=" " ind1=" " tag="520">
      <subfield code="a">En el balance energético de un motor de combustión interna se observa que la energía del combustible a la entrada se divide aproximadamente en tres partes iguales: la energía convertida en trabajo, la energía transferida en la refrigeración y la energía perdida en los gases de escape. Es por ello que tiene especial interés el estudio de mejoras que permitan alcanzar procesos cuasi-adiabáticos para disminuir las pérdidas por transmisión de calor.&#xd;
Un gran avance en este aspecto se ha logrado mediante nuevos procesos de fabricación en la cual la aparición de recubrimientos de barrera térmica (“Thermal Barrier Coatings”) juega un papel determinante en la mejora del rendimiento debido a su resistencia a la transmisión del calor. El objetivo de las barreras térmicas consiste en disminuir el flujo de calor del interior del cilindro hacia el exterior, consiguiendo un trabajo o potencia mecánica algo mayor, o bien un ahorro de combustible.&#xd;
El estudio realizado en motores diesel demuestra que las barreras térmicas permiten aumentar la temperatura de trabajo del gas en un motor automovilístico en un rango de 100ºC lo que se traduce en un aumento del rendimiento de alrededor del 5%, para motores marinos de media velocidad se consiguen aumentos de 50ºC lo que representa un aumento del rendimiento del 3% y para el caso de motores marinos lentos el aumento de temperatura es de 30ºC lo que significa un aumento de rendimiento del 1%. El aumento de rendimiento puede justificar en algunos casos el coste del recubrimiento.</subfield>
   </datafield>
   <datafield tag="653" ind2=" " ind1=" ">
      <subfield code="a">Àrees temàtiques de la UPC::Enginyeria mecànica::Motors::Motors dièsel</subfield>
   </datafield>
   <datafield tag="653" ind2=" " ind1=" ">
      <subfield code="a">Àrees temàtiques de la UPC::Nàutica::Enginyeria naval</subfield>
   </datafield>
   <datafield tag="653" ind2=" " ind1=" ">
      <subfield code="a">Diesel motor.</subfield>
   </datafield>
   <datafield tag="653" ind2=" " ind1=" ">
      <subfield code="a">Motores diesel</subfield>
   </datafield>
   <datafield tag="653" ind2=" " ind1=" ">
      <subfield code="a">Motors dièsel</subfield>
   </datafield>
   <datafield tag="653" ind2=" " ind1=" ">
      <subfield code="a">Motors navals</subfield>
   </datafield>
   <datafield ind2="0" ind1="0" tag="245">
      <subfield code="a">Estudio y análisis de los recubrimientos de barrera térmica en motores diesel</subfield>
   </datafield>
</record></metadata></record></GetRecord></OAI-PMH>